Welcome to CU Library Online Public Access Catalogue (OPAC)

Applied Biopharmaceutics & Pharmacokinetics (Record no. 8536)

MARC details
000 -LEADER
fixed length control field 00564nam a22001817a 4500
005 - DATE AND TIME OF LATEST TRANSACTION
control field 20251210135839.0
008 - FIXED-LENGTH DATA ELEMENTS--GENERAL INFORMATION
fixed length control field 251210b |||||||| |||| 00| 0 eng d
020 ## - INTERNATIONAL STANDARD BOOK NUMBER
International Standard Book Number 9780071240055
050 ## - LIBRARY OF CONGRESS CALL NUMBER
Classification number QV38
Item number .S531
100 ## - MAIN ENTRY--PERSONAL NAME
Personal name Shargel, Leon
245 ## - TITLE STATEMENT
Title Applied Biopharmaceutics & Pharmacokinetics
Statement of responsibility, etc. Leon Shargel, Susanna Wu-Pong & Andrew B. C. Yu
250 ## - EDITION STATEMENT
Edition statement 5th ed.
Remainder of edition statement international edition
260 ## - PUBLICATION, DISTRIBUTION, ETC.
Place of publication, distribution, etc. Boston
Name of publisher, distributor, etc. McGraw Hill
Date of publication, distribution, etc. 2005
300 ## - PHYSICAL DESCRIPTION
Extent xx. 892p.
Other physical details ill.
Dimensions 23.5cm
700 ## - ADDED ENTRY--PERSONAL NAME
Personal name Wu-Pong, Susanna
700 ## - ADDED ENTRY--PERSONAL NAME
Personal name Yu, Andrew B. C.
942 ## - ADDED ENTRY ELEMENTS (KOHA)
Source of classification or shelving scheme Library of Congress Classification
Koha item type Books
Edition 5th ed.
Suppress in OPAC No
999 ## -
-- 8536
-- 8536
Holdings
Withdrawn status Lost status Source of classification or shelving scheme Damaged status Not for loan Collection Home library Current library Shelving location Date acquired Total checkouts Full call number Barcode Date last seen Copy number Price effective from Koha item type
    Library of Congress Classification     Non-fiction Science Library (Miotso) Science Library (Miotso) Reference 12/25/2025   QV38 .S531 SHA SLM00006579 12/10/2025 1 12/10/2025 Books
© 2023-2024 Copyright: Central University Libraries. All Rights Reserved | Created by: Mahone Tech Office